Finance (Life Blood of an Organization)Accounts (Measures the Blood) Investment (Supplies the Blood)/ (Record no. 211842)

MARC details
000 -LEADER
fixed length control field 00748nam a2200217 4500
005 - DATE AND TIME OF LATEST TRANSACTION
control field 20250617113210.0
010 ## - LCCN (DPL NO)
LC control number ENG-145412
020 ## - INTERNATIONAL STANDARD BOOK NUMBER
International Standard Book Number 9789361634604
Terms of availability 325.00
035 ## - SYSTEM CONTROL NUMBER
System control number EN-128944
037 ## - SOURCE OF ACQUISITION
Source of stock number/acquisition DBAD
082 ## - DEWEY DECIMAL CLASSIFICATION NUMBER
Classification number 657
100 ## - MAIN ENTRY--PERSONAL NAME
Personal name Sindhu K.
245 ## - TITLE STATEMENT
Title Finance (Life Blood of an Organization)Accounts (Measures the Blood) Investment (Supplies the Blood)/
Statement of responsibility, etc Sindhu K....[et.al]
260 ## - PUBLICATION, DISTRIBUTION, ETC. (IMPRINT)
Place of publication, distribution, etc Madurai
Name of publisher, distributor, etc Shanlax Publications
Date of publication, distribution, etc 2024
270 ## - ADDRESS
Address 61,66 Vasantha Nagar
City Madurai
Postal code 625003
Electronic mail address shanlaxpublications@gmail.com
300 ## - PHYSICAL DESCRIPTION
Extent 115p.
Dimensions 29cm(Pb)
700 ## - ADDED ENTRY--PERSONAL NAME
Personal name Guddad, Shankar
Relator term Author
9 (RLIN) 82092
700 ## - ADDED ENTRY--PERSONAL NAME
Personal name Shruthi S
Relator term Author
9 (RLIN) 82093
700 ## - ADDED ENTRY--PERSONAL NAME
Personal name Kusumitha B R
Relator term Author
9 (RLIN) 82094
942 ## - ADDED ENTRY ELEMENTS (KOHA)
Source of classification or shelving scheme Dewey Decimal Classification
Item type English Books
Classification part 657
Call number suffix SIN
Holdings
Withdrawn status Lost status Not for loan Collection code Home library Current library Date acquired Source of acquisition Cost, normal purchase price Full call number Barcode Copy number Cost, replacement price Koha item type
    Not For Loan Non-fiction D.B.Act.Division D.B.Act.Division 17/06/2025 Delivery of Books Act Division 325.00 657 SIN EN-128944 1 325.00 English Books

© Delhi Public Library
Hit Counter
free hit counter